000
00313nas a2200145 a 4500
001
72642
003
146861
005
20201118111042.0
008
||||||n9999 ||| || ||
245
0
_a
Nueva Frontera - No.865
260
_c
1976.
562
_e
1
773
_0
16068
_a
Nueva Frontera
942
_c
SISS
999
_c
72642
_d
72642